Rosco de Pasapalabra #79 - Estadísticas

Estadísticas generales
  • Esta prueba ha sido intentada 262 veces
  • La puntuación promedio es 13 de 25
Estadísticas de respuestas
Inicial Definición Respuesta % Correcto
B Prenda interior femenina, que cubre desde la parte inferior del tronco y tiene dos aberturas en las piernas Braga
94%
A Conjunto de fuerzas navales de un estado Armada
85%
Contiene la Q Patinar con esquís Esquiar
85%
N Número cardinal equivalente a ocho más uno Nueve
85%
M Pieza de metal que sirve de medida común del precio de las cosas y como medio de pago Moneda
83%
R Enfriamiento o catarro Resfriado
83%
P En fútbol, jugador que marca más goles durante la liga española Pichichi
77%
G Actividad destinada a desarrollar, fortalecer y mantener en buen estado físico el cuerpo por medio de ejercicios Gimnasia
76%
Contiene la Ñ Se dice de la prenda de ropa que va ajustada al cuerpo Ceñido
74%
C Apellido del político que ocupó el cargo de presidente de Cuba hasta 2008 Castro
70%
Contiene la X Práctica religiosa para conjurar y expulsar al demonio del cuerpo de una persona o de un lugar Exorcismo
68%
Z Perteneciente o relativo al Zodiaco Zodiacal
65%
V Pieza de metal, generalmente en forma de flecha, que se coloca en sitios altos para señalar la dirección del viento Veleta
63%
U Conjunto de todo lo que existe materialmente Universo
62%
J Integrante de la Compañía de Jesús, fundada por san Ignacio de Loyola Jesuita
53%
I Acción de sumergir o sumergirse Inmersión
51%
T Cada uno de los dos paralelos situados respectivamente al norte y al sur del Ecuador, a 23 grados y 27 minutos de él Trópico
47%
D Dibujante que traza planos o proyectos ideados por otro Delineante
39%
F Ciencia que tiene por objeto el estudio de las funciones de los seres orgánicos Fisiología
38%
L Bosque húmedo, formado por árboles de hoja perenne, característico de Canarias y Madeira Laurisilva
16%
E Interpretar un personaje en una obra teatral o cinematográfica Encarnar
15%
H Árbol leguminoso de ramas muy espinosas, cuyo fruto contiene tanino, con el que se prepara tinta negra Huisache
1%
O Nombre del grupo de música al que pertenece el disco "Try and Love" Ofege
1%
Contiene la Y Especie de tenazas pequeñas, generalmente con ranuras finas en sus extremos Playo
1%
S Ciudad de Moldavia, a orillas del río Dniéster, cuya fortaleza fue construida por orden del príncipe Esteban el Grande Soroca
1%
No se encontraron pruebas coincidentes
Distribución de puntuación
Porcentaje de gente con cada puntuación
Porcentaje por número respondido
Historial de tus puntuaciones
No has intentado esta prueba.